LEADER 01042nam0 2200289 450 001 000007814 005 20080718142524.0 010 $a88-207-1587-2 100 $a20070507d1987----km-y0itay50------ba 101 0 $aita 102 $aIT 105 $aa-------001yy 200 1 $aElementi di termodinamica applicata$fArcangelo Cesarano, Pietro Mazzei 210 $aNapoli$cLiguori$dc1987 215 $a149 p., 1 c. di tav.$cill.$d24 cm 225 2 $aTermodinamica applicata, trasmissione del calore, condizionamenti ambientali 300 $aContiene 1 c. sciolta "Diagramma di Mollier per l'acqua" 410 0$12001$aTermodinamica applicata, trasmissione del calore, condizionamenti ambientali 610 1 $aTermodinamica applicata 676 $a621.4021$v20 700 1$aCesarano,$bArcangelo$0331036 701 1$aMazzei,$bPietro$0423 801 0$aIT$bUNIPARTHENOPE$c20070507$gRICA$2UNIMARC 912 $a000007814 951 $aP1 621-E/47$b39334$cPIST$d2007 996 $aElementi di termodinamica applicata$973536 997 $aUNIPARTHENOPE LEADER 01064nam0 2200301 450 001 000019069 005 20081110110156.0 010 $a88-15-01236-2 100 $a20081110d1986----km-y0itay50------ba 101 0 $aita 102 $aIT 105 $ay-------001yy 200 1 $aConseguenze economiche dell'evoluzione demografica$fa cura di Giorgio Fuā 210 $aBologna$cIl Mulino$dc1986 215 $a204 p.$d21 cm 225 2 $aCollana della Societā italiana degli economisti 410 0$12001$aCollana della Societā italiana degli economisti 500 10$aConseguenze economiche dell'evoluzione demografica$955231 610 1 $aEconomia e demografia 676 $a304.62$v19$9Popolazione. Crescita e declino 676 $a304.62$v20$9Crescita e diminuzione della popolazione 702 1$aFuā,$bGiorgio$4070 801 0$aIT$bUNIPARTHENOPE$c20081110$gRICA$2UNIMARC 912 $a000019069 951 $a126/109$b6144$cNAVA2 951 $a126/154$b7169$cNAVA2 996 $aConseguenze economiche dell'evoluzione demografica$955231 997 $aUNIPARTHENOPE LEADER 01042nam0 2200301 450 001 000020343 005 20081204155953.0 010 $a88-15-04287-3 100 $a20081204d1993----km-y0itay50------ba 101 0 $aita 102 $aIT 105 $ay-------001yy 200 1 $a<>pensioni domani$eprimo rapporto sulla previdenza in Italia$fINPS 210 $aBologna$cIl Mulino$d[1993] 215 $a442 p.$d22 cm 225 2 $aStudi e ricerche$v329 300 $aIn cop.: Un'aggiornata analisi degli equilibri economico-finanziari e delle tendenze evolutive del sistema previdenziale 410 0$12001$aStudi e ricerche 500 10$a<>pensioni domani$933478 610 1 $aPensioni$aItalia 610 1 $aPrevidenza sociale$aItalia 676 $a331.252$v20$9Economia del lavoro. Pensioni 710 02$aIstituto Nazionale della Previdenza Sociale$0102615 801 0$aIT$bUNIPARTHENOPE$c20081204$gRICA$2UNIMARC 912 $a000020343 951 $a915/5$b7810$cNAVA2 996 $aPensioni domani$933478 997 $aUNIPARTHENOPE